| 000 | 00479nam a2200193Ia 4500 | ||
|---|---|---|---|
| 005 | 20240823031457.0 | ||
| 008 | 240823s9999||||xx |||||||||||||| ||und|| | ||
| 020 | _a978-81-312-1667-5 | ||
| 041 | _aENGLISH | ||
| 082 | _A658.562015195 Q1 | ||
| 100 | _aJohn Oakland | ||
| 245 | 0 | _aStatistical Process Control | |
| 250 | _a6th | ||
| 260 |
_c2011 _b"Butterworth Heinenann,Burli" |
||
| 500 | _aYES | ||
| 650 |
_aProcess Control _bElectronics |
||
| 942 | _cBK | ||
| 999 |
_c191166 _d191166 |
||